Communication Networking : an Analytical Approach / (Record no. 1335)

MARC details
000 -LEADER
Fixed length control field 00450nam a2200157 4500
003 - CONTROL NUMBER IDENTIFIER
Control field SEACOMEC
005 - DATE AND TIME OF LATEST TRANSACTION
Control field 20240905133412.0
008 - FIXED-LENGTH DATA ELEMENTS--GENERAL INFORMATION
Fixed length control field 240614b |||||||| |||| 00| 0 eng d
020 ## - INTERNATIONAL STANDARD BOOK NUMBER / ISBN
International Standard Book Number 978-0124287518
Price 495.00
040 ## - CATALOGING SOURCE
Original cataloging agency SEACOMEC
082 ## - DEWEY DECIMAL CLASSIFICATION NUMBER
Classification number 004.65
Book Number K96
100 ## - MAIN ENTRY--PERSONAL NAME
Personal name Kumar, Anurag
245 ## - TITLE STATEMENT
Title Communication Networking : an Analytical Approach /
Statement of responsibility Anurag Kumar, D. Manunath and J. Kuri
260 ## - IMPRINT
Place of publication New Delhi
Name of publisher Elsevier
Date of publication 2005
942 ## - ADDED ENTRY ELEMENTS (KOHA)
Koha item type Books
Holdings
Withdrawn status Lost status Source of classification Damaged status Not for loan Home library Current library Date acquired Total Checkouts Call number Accession number Date last seen Price effective from Koha item type
    Dewey Decimal Classification     SEACOM ENGINEERING COLLEGE SEACOM ENGINEERING COLLEGE 14/06/2024   004.65 K96 5626 14/06/2024 14/06/2024 Books
    Dewey Decimal Classification     SEACOM ENGINEERING COLLEGE SEACOM ENGINEERING COLLEGE 14/06/2024   004.65 K96 5627 14/06/2024 14/06/2024 Books
© Seacom Engineering College, All rights reserved.      Powered by Koha